| 000 | 00837nam0a22002771 4500 | ||
|---|---|---|---|
| 001 | RU\NLR\A1SV\128205 | ||
| 005 | 20251203171251.9 | ||
| 035 | _a(NLR Aleph) 010465658 | ||
| 090 |
_a10000166 _c10000166 |
||
| 100 | _a20140827d1925 u y0rusy50 ca | ||
| 101 | 0 | _arus | |
| 102 | _aRU | ||
| 200 | 1 |
_aФизкультурное движение в СССР _eК XIV Съезду РКП(б) _fВысш. сов. физ. культуры при ВЦИК |
|
| 210 |
_aМ. _cИзд-во Высш. сов. физ. культуры _d1925 |
||
| 215 |
_a27 с. _cтабл. _d26 см |
||
| 320 | _aБиблиогр.: с.25-27 | ||
| 620 | _dМосква | ||
| 801 | 0 |
_aRU _bNLR _c20140827 |
|
| 852 |
_aNLR _j34/298 |
||
| 899 | _aРГБ | ||
| 899 | _aКирОУНБ | ||
| 899 | _aМГУ | ||
| 942 | _cBOOK | ||
| 980 | _aNB | ||
| 980 | _aA1SV | ||